Elements of chemistry, by Antoine Laurent Lavoisier

Salvato in:
Dettagli Bibliografici
Natura: Libro
Lingua:inglese
Pubblicazione: Chicago Enciclopaedia Britannica 1952
Serie:Great Books of the Western World, 45
Soggetti:
Tags: Aggiungi Tag
Nessun Tag, puoi essere il primo ad aggiungerne!!

MARC

LEADER 00000nam a2200000 a 4500
001 UCM8138
003 CL-VaPUC
008 030124e19520000US |||||||||||||||||eng|d
082 0 4 |a 530  |b ELE  |2 21 
245 1 0 |a Elements of chemistry, by Antoine Laurent Lavoisier 
246 1 0 |a Analytical theory of heat, by Jean Baptiste Joseph Fourier 
246 1 0 |a experimental researches in electricity by Michael Faraday 
300 |a 898 p 
942 |c BK 
945 |d 20030124 00:00:00  |a cmena 
260 |a Chicago  |b Enciclopaedia Britannica  |c 1952 
600 0 |a Lavoisier, Antoine Laurent   |d 1743-1794  |9 474071 
600 0 7 |a FOURIER, JEAN BAPTISTE JOSEPH  |2 CL-VaPUC  |9 474072 
600 0 7 |a FARADAY, MICHAEL  |2 CL-VaPUC  |9 369697 
650 0 |a Física   |9 227844 
650 0 |a Química  |9 259896 
650 7 |a CAMPOS ELECTROMAGNETICOS  |2 CL-VaPUC  |9 264139 
650 0 |a Calor  |9 260253 
650 0 |a Electromagnetismo   |9 260123 
650 0 |a Investigación científica  |9 259857 
583 |a last modification  |c 20030124 00:00:00  |k Rodrigo Vera 
490 0 |a Great Books of the Western World, 45 
999 |c 302721  |d 302719 
952 |0 0  |1 0  |4 0  |6 530_000000000000000_ELE_1952  |7 0  |8 A  |9 363436  |a BIBGIM  |b BIBGIM  |d 2019-11-21  |i 3878724  |o 530 ELE 1952  |p 3878724  |r 2025-01-15  |w 2019-11-21  |y BK  |k GIM